Hatékony intézkedések a helyi ellátás javítására Ülésezett a MESZÖV elnöksége

Elmentve itt :
Bibliográfiai részletek
Dokumentumtípus: Cikk
Megjelent: 1981-07-10
Sorozat:Délmagyarország 71 No. 160
Kulcsszavak:közellátás
Online Access:http://dmarchiv.bibl.u-szeged.hu/108709
LEADER 00464nab a2200145 i 4500
001 delm108709
005 20190618085814.0
008 190618s1981 hu o 0|| hun d
040 |a SZTE Délmagyarország Archívum  |b hun 
041 |a hun 
245 0 0 |a Hatékony intézkedések a helyi ellátás javítására   |h [elektronikus dokumentum] :  |b Ülésezett a MESZÖV elnöksége 
260 |c 1981-07-10 
300 |a 3 
490 0 |a Délmagyarország  |v 71 No. 160 
695 |a közellátás